[Event "ICS rated blitz match"]
[Site "207.99.83.229"]
[Date "1999.07.19"]
[Round "?"]
[White "Hossa"]
[Black "matar"]
[Result "0-1"]
[WhiteElo "2343"]
[BlackElo "2361"]
[PlyCount "79"]
[EventDate "1999.??.??"]

1. d4 d5 2. c4 e6 3. Nc3 c6 4. Bg5 Qxg5 5. e3 Qd8 6. Bd3 Nf6 7. cxd5 exd5 8.
Nf3 Bg4 9. Qb3 Qb6 10. Qxb6 axb6 11. Ne5 Bh5 12. Bf5 Nbd7 13. Nxd7 Nxd7 14. g4
Bg6 15. Bxg6 hxg6 16. O-O Bd6 17. f4 Nf6 18. g5 Ng4 19. e4 O-O-O 20. e5 Bb4 21.
Na4 b5 22. Nc3 Bxc3 23. bxc3 Nxh2 24. Rf2 Ng4 25. Rg2 Ne3 26. Rg3 Nf5 27. Rf3
Rh4 28. a3 Rdh8 29. Raf1 Rh2 30. Rd3 Ra2 31. Rb1 Rhh2 32. Rf3 Rag2+ 33. Kf1
Ng3+ 34. Rxg3 Rxg3 35. Rb3 Rgg2 36. Rb4 Ra2 37. Kg1 Rhc2 38. Rb1 Rxc3 39. Re1
Rcxa3 40. e6 {Hossa resigns} 0-1

[Event "ICS Rated blitz match"]
[Site "207.99.83.229"]
[Date "1999.07.19"]
[Round "?"]
[White "matar"]
[Black "Hossa"]
[Result "1/2-1/2"]
[WhiteElo "2376"]
[BlackElo "2328"]
[PlyCount "116"]
[EventDate "1999.??.??"]

1. e4 Nf6 2. e5 Nd5 3. c4 Nb6 4. c5 Nd5 5. Nc3 Nxc3 6. dxc3 Nc6 7. Nf3 g6 8.
Bf4 Bg7 9. Qd2 f6 10. exf6 Bxf6 11. O-O-O b6 12. h4 bxc5 13. h5 e5 14. Be3 e4
15. Ng5 Qe7 16. hxg6 hxg6 17. Rxh8+ Bxh8 18. Qd5 Be5 19. Bc4 Qg7 20. Qxe4 Bb7
21. Bf7+ Ke7 22. f4 Nd8 23. Qxe5+ Qxe5 24. fxe5 Nxf7 25. Nxf7 Kxf7 26. Rxd7+
Ke6 27. Rxc7 Bxg2 28. Bf4 Rf8 29. Be3 Ra8 30. Rxc5 a6 31. c4 Rf8 32. b4 Rf5 33.
Bd4 Rf4 34. Bc3 Rf2 35. Bd2 Re2 36. a4 Rxe5 37. Rxe5+ Kxe5 38. Bc3+ Ke4 39. Kc2
Bh3 40. b5 axb5 41. axb5 g5 42. Kb3 g4 43. b6 g3 44. b7 g2 45. b8=Q g1=Q 46.
Qb7+ Kf4 47. Qc7+ Kf3 48. Qc6+ Ke2 49. Qe4+ Qe3 50. Qc2+ Kf3 51. Qd1+ Qe2 52.
Qh1+ Bg2 53. Qh5+ Kf2 54. Bd4+ Kf1 55. Qf5+ Qf3+ 56. Qxf3+ Bxf3 57. c5 Bg2 58.
c6 58... Bxc6 {Game drawn because neither player has mating material} 1/2-1/2

[Event "ICS rated blitz match"]
[Site "207.99.83.229"]
[Date "1999.07.19"]
[Round "?"]
[White "Hossa"]
[Black "robbok1"]
[Result "0-1"]
[WhiteElo "2330"]
[BlackElo "2557"]
[PlyCount "112"]
[EventDate "1999.??.??"]

1. d4 Nf6 2. c4 c5 3. d5 b5 4. Nc3 b4 5. Na4 d6 6. Nf3 e5 7. Nd2 Bf5 8. a3 a5
9. f3 Be7 10. e4 Bg6 11. Bd3 Nbd7 12. O-O O-O 13. Qe2 Qc7 14. f4 exf4 15. Nf3
Ne5 16. Nxe5 dxe5 17. axb4 Bh5 18. Qe1 axb4 19. Be2 Bg6 20. Bf3 Nd7 21. Qf2 Ra6
22. b3 f5 23. exf5 Bxf5 24. Re1 Qd6 25. Ra2 Qh6 26. Bd2 Bh4 27. Qf1 Bxe1 28.
Bxe1 e4 29. Bd1 e3 30. Bf3 Ne5 31. Rb2 Nd3 32. Re2 Re8 33. Kh1 Qf6 34. Bh5 g6
35. Bf3 Qa1 36. h4 Qb1 37. h5 Qxb3 38. hxg6 Qxa4 39. gxh7+ Bxh7 40. g3 fxg3 41.
Bxg3 Qa1 42. Qxa1 Rxa1+ 43. Kh2 Bf5 44. d6 Kg7 45. Rg2 Rh8+ 46. Bh4+ Kf7 47.
Kg3 Rh1 48. Bd5+ Be6 49. Kf3 Rh3+ 50. Ke4 Bxd5+ 51. cxd5 e2 52. Rxe2 R8xh4+ 53.
Kf5 Rf4+ 54. Kg5 Rg3+ 55. Kh5 Kf6 56. Rf2 56... Rh3# {Hossa checkmated} 0-1

[Event "ICS rated blitz match"]
[Site "207.99.83.229"]
[Date "1999.07.19"]
[Round "?"]
[White "robbok1"]
[Black "Hossa"]
[Result "1/2-1/2"]
[WhiteElo "2564"]
[BlackElo "2323"]
[PlyCount "102"]
[EventDate "1999.??.??"]

1. e4 Nf6 2. e5 Nd5 3. c4 Nb6 4. c5 Nd5 5. Nc3 Nxc3 6. dxc3 Nc6 7. Nf3 g6 8.
Bf4 Bg7 9. Qd2 f6 10. exf6 Bxf6 11. Bc4 Na5 12. Bd3 b6 13. b4 Nb7 14. cxb6 axb6
15. O-O c5 16. Rad1 O-O 17. Bh6 Bg7 18. Bxg7 Kxg7 19. Be4 Ra7 20. Rfe1 Nd6 21.
Bd5 cxb4 22. cxb4 Kh8 23. Ne5 Kg7 24. Ng4 e5 25. Qh6+ Kh8 26. Nxe5 Rf6 27. Ng4
Rf8 28. Qe3 Nf5 29. Qe5+ Ng7 30. Bb3 d5 31. f3 Bxg4 32. fxg4 Rd7 33. Qd4 Ra7
34. Bxd5 Rd7 35. a4 Rd6 36. b5 g5 37. h3 Rf7 38. Qc4 Rf4 39. Qb3 Rdf6 40. g3
Rf2 41. Qc3 Qf8 42. Bc6 Ra2 43. Qd4 Ra3 44. Qxb6 Rxg3+ 45. Kh2 Rf2+ 46. Kh1
Rxh3+ 47. Kg1 Rg3+ 48. Kh1 Rh3+ 49. Kg1 Rg3+ 50. Kh1 Rh3+ 51. Kg1 51... Rg3+ {
Game drawn by repetition} 1/2-1/2

[Event "ICS Rated blitz match"]
[Site "207.99.83.229"]
[Date "1999.07.19"]
[Round "?"]
[White "Hossa"]
[Black "robbok1"]
[Result "0-1"]
[WhiteElo "2333"]
[BlackElo "2554"]
[PlyCount "90"]
[EventDate "1999.??.??"]

1. d4 Nf6 2. c4 c5 3. d5 b5 4. Nc3 b4 5. Na4 d6 6. Nf3 e5 7. Nd2 Bf5 8. a3 a5
9. f3 Be7 10. e4 Bg6 11. Bd3 Nbd7 12. O-O O-O 13. Qe2 Qc7 14. f4 exf4 15. Nf3
Ne5 16. Nxe5 dxe5 17. axb4 Bh5 18. Qe1 axb4 19. Be2 Bg6 20. Bf3 Nd7 21. Bd2 Ra6
22. b3 Qd6 23. Qf2 f5 24. exf5 Bxf5 25. Bh5 Nf6 26. Bd1 Ne4 27. Qe2 Nxd2 28.
Qxd2 Bf6 29. Bc2 e4 30. Rae1 Bd4+ 31. Kh1 e3 32. Qd1 Bd7 33. Qe2 g6 34. Qf3 h5
35. Bd1 Qe7 36. h3 Qh4 37. Re2 Bg4 38. Qe4 f3 39. Ra2 fxg2+ 40. Qxg2 Rxf1+ 41.
Qxf1 Rf6 42. Qg2 Qe1+ 43. Kh2 Be5+ 44. Qg3 Qxg3+ 45. Kh1 45... Rf1# {
Hossa checkmated} 0-1

[Event "ICS rated blitz match"]
[Site "207.99.83.229"]
[Date "1999.07.19"]
[Round "?"]
[White "weed"]
[Black "Hossa"]
[Result "1/2-1/2"]
[WhiteElo "2761"]
[BlackElo "2351"]
[PlyCount "98"]
[EventDate "1999.??.??"]

1. e4 Nf6 2. e5 Nd5 3. Nf3 d6 4. d4 dxe5 5. Nxe5 g6 6. g3 Bg7 7. Bg2 Nb4 8. Na3
Bxe5 9. dxe5 Qxd1+ 10. Kxd1 Bg4+ 11. f3 Bd7 12. Bd2 N8c6 13. Kc1 O-O-O 14. Nb5
a6 15. Na7+ Nxa7 16. Bxb4 Nc6 17. Bc3 Bf5 18. f4 Nd4 19. Bxd4 Rxd4 20. c3 Rd3
21. Bf1 Rd7 22. Be2 Rhd8 23. Rd1 h5 24. Rxd7 Rxd7 25. b4 Bg4 26. Bxg4 hxg4 27.
Kc2 Rd8 28. Re1 b6 29. Re2 c5 30. Rd2 Rxd2+ 31. Kxd2 Kd7 32. bxc5 bxc5 33. Kd3
Kc6 34. Ke4 f5+ 35. exf6 exf6 36. c4 Kd6 37. Kd3 Kd7 38. a3 a5 39. Kc3 a4 40.
Kd3 Ke7 41. Ke4 Kd6 42. Kd3 Ke6 43. Ke2 g5 44. fxg5 fxg5 45. Kd2 Ke5 46. Ke3
Kf5 47. Kd3 Ke5 48. Ke3 Kf5 49. Kd3 49... Ke5 {Game drawn by mutual agreement}
1/2-1/2

[Event "ICS rated blitz match"]
[Site "207.99.83.229"]
[Date "1999.07.19"]
[Round "?"]
[White "Hossa"]
[Black "ESTRIPADOR"]
[Result "1-0"]
[WhiteElo "2364"]
[BlackElo "2136"]
[Annotator "Fritz 5.32 (10s)"]
[PlyCount "38"]
[EventDate "1999.??.??"]

1. d4 d6 2. c4 e6 3. e4 g6 4. Nf3 Bg7 5. Be2 Ne7 6. O-O O-O 7. Nc3 c6 8. Bf4
Na6 9. Qd2 Nc7 10. Bh6 d5 11. Bxg7 Kxg7 12. Kh1 Ng8 13. Rfe1 Nf6 14. exd5 $14 {
Weiss erobert Raum} (14. Bd3 14... b6 $16) 14... exd5 15. Ne5 Be6 16. cxd5
Nfxd5 17. Nxd5 Bxd5 18. Kg1 18... Qd6 $11 (18... Re8 19. Qf4 $15) 19. Ng4 Kg8
1-0

[Event "ICS Rated blitz match"]
[Site "207.99.83.229"]
[Date "1999.07.19"]
[Round "?"]
[White "Hossa"]
[Black "delta"]
[Result "1-0"]
[WhiteElo "2371"]
[BlackElo "2068"]
[PlyCount "137"]
[EventDate "1999.??.??"]

1. d4 Nf6 2. c4 e6 3. Nc3 Bb4 4. Bg5 c5 5. e4 cxd4 6. Qxd4 Nc6 7. Qe3 h6 8.
Bxf6 Qxf6 9. Nge2 Na5 10. e5 Qg5 11. f4 Qe7 12. Qd3 d6 13. a3 Bxc3+ 14. Qxc3
Nc6 15. exd6 Qxd6 16. Qxg7 Qf8 17. Qc3 Bd7 18. Qf6 Rg8 19. O-O-O Qg7 20. Qh4
Qg4 21. Qxh6 O-O-O 22. Qf6 Rdf8 23. h3 Qh5 24. Qc3 Qc5 25. b4 Qf2 26. b5 Ne7
27. Qd4 Qxd4 28. Rxd4 Nf5 29. Rd3 Rd8 30. g3 a6 31. g4 Nh4 32. bxa6 bxa6 33.
Rd6 Kb7 34. Nd4 Ba4 35. Rxd8 Rxd8 36. Nc2 Bxc2 37. Kxc2 Rd4 38. Be2 Rxf4 39.
Rd1 Rf2 40. Rb1+ Kc6 41. Kd2 Rf4 42. Kc3 Nf3 43. Kb4 Nd4 44. Bd3 f5 45. gxf5
exf5 46. Rg1 Rf3 47. Rg6+ Kb7 48. Rg7+ Kb6 49. c5+ Kc6 50. Kc4 Rf4 51. Rg6+
Ne6+ 52. Kc3 Kd7 53. Rf6 Ke7 54. Rxf5 Rh4 55. Bxa6 Rxh3+ 56. Bd3 Rf3 57. Rxf3
Nxc5 58. Kb4 Ne6 59. Re3 Kd7 60. Rxe6 Kxe6 61. Kc5 Kd7 62. a4 Kc8 63. a5 Kb8
64. Kc6 Ka7 65. Kc7 Ka8 66. a6 Ka7 67. Bb5 Ka8 68. Kb6 Kb8 69. a7+ {
delta resigns} 1-0

[Event "ICS Rated blitz match"]
[Site "207.99.83.229"]
[Date "1999.07.19"]
[Round "?"]
[White "Hossa"]
[Black "fiancheto2"]
[Result "1-0"]
[WhiteElo "2383"]
[BlackElo "2028"]
[PlyCount "23"]
[EventDate "1999.??.??"]

1. d4 e6 2. c4 f5 3. Nc3 Nf6 4. e3 Bb4 5. Bd3 b6 6. Nge2 O-O 7. O-O Bb7 8. Bd2
a5 9. a3 Be7 10. Qc2 d6 11. Nf4 e5 12. Ne6 {fiancheto2 resigns} 1-0

[Event "ICS Rated blitz match"]
[Site "207.99.83.229"]
[Date "1999.07.19"]
[Round "?"]
[White "Hossa"]
[Black "BountyHunter"]
[Result "0-1"]
[WhiteElo "2391"]
[BlackElo "2814"]
[PlyCount "162"]
[EventDate "1999.??.??"]

1. d4 d5 2. c4 e5 3. dxe5 dxc4 4. Qxd8+ Kxd8 5. Nc3 Nc6 6. Bg5+ Ke8 7. O-O-O
Bg4 8. Nd5 Rc8 9. f3 Bd7 10. e3 Nxe5 11. Bf4 Bd6 12. Bxe5 Bxe5 13. Bxc4 Be6 14.
Bb3 c6 15. Nb4 Bxb3 16. axb3 Ne7 17. Nd3 Bd6 18. Nh3 Nf5 19. e4 Nd4 20. b4 Ne6
21. e5 Be7 22. Rhf1 Rd8 23. f4 g6 24. Kb1 Rd4 25. f5 gxf5 26. Ng1 Rh4 27. Nf3
Rh5 28. h3 Rg8 29. Rf2 Rh6 30. Ka1 Rhg6 31. Nfe1 f4 32. Rfd2 Rg3 33. Kb1 f3 34.
gxf3 Rxh3 35. f4 Rg1 36. Ka2 Rf1 37. Ng2 Rxd1 38. Rxd1 Rf3 39. Rd2 h5 40. Nge1
Rf1 41. Ng2 h4 42. Rf2 Rd1 43. Rf3 Rg1 44. Ne3 Nd4 45. Rh3 Rg3 46. Rxg3 hxg3
47. Kb1 Nf5 48. Ng2 Nh4 49. Nxh4 Bxh4 50. Ne1 Kd7 51. Kc2 Ke6 52. Kd3 Kf5 53.
Ke3 Kg4 54. Ke4 Be7 55. f5 Bxb4 56. Ng2 a5 57. e6 fxe6 58. fxe6 a4 59. Ne3+ Kg5
60. Ke5 a3 61. bxa3 Bxa3 62. Ke4 Kf6 63. Kf3 Bd6 64. Nc4 Kxe6 65. Nb6 c5 66.
Ke3 Bc7 67. Na4 c4 68. Nc3 Be5 69. Na2 b5 70. Nb4 Bd6 71. Nc2 Bc5+ 72. Kf3 b4
73. Ne1 b3 74. Ng2 b2 75. Nf4+ Kf7 76. Nh3 b1=Q 77. Ng1 Qxg1 78. Ke4 Ke6 79.
Kf4 g2 80. Kf3 Qf2+ 81. Ke4 81... Qf5# {Hossa checkmated} 0-1

[Event "ICS Rated blitz match"]
[Site "207.99.83.229"]
[Date "1999.07.19"]
[Round "?"]
[White "JudgeTurpin"]
[Black "Hossa"]
[Result "1-0"]
[WhiteElo "2544"]
[BlackElo "2388"]
[PlyCount "146"]
[EventDate "1999.??.??"]

1. Nf3 Nf6 2. c4 e6 3. g3 d5 4. Bg2 dxc4 5. Qa4+ Nbd7 6. Qxc4 Nb6 7. Qh4 Be7 8.
d3 Nfd5 9. Qh5 O-O 10. Nc3 Bb4 11. Bd2 Nf6 12. Qh4 Bxc3 13. Bxc3 Nfd5 14. Qxd8
Rxd8 15. Bd2 Na4 16. b3 Nab6 17. e4 Nf6 18. Ke2 Bd7 19. a4 Be8 20. Rac1 Rac8
21. a5 Nbd7 22. Bh3 h6 23. g4 c5 24. g5 hxg5 25. Bxg5 Rb8 26. e5 Nd5 27. Bxd8
Rxd8 28. Rc4 b5 29. axb6 N7xb6 30. Rg4 Nb4 31. Rhg1 g6 32. Ne1 Nc6 33. f3 Nxe5
34. Re4 Nc6 35. Nc2 Na5 36. Na1 Bb5 37. Rd1 Nd5 38. Kd2 Bxd3 39. Kxd3 Nf4+ 40.
Kc2 Rxd1 41. Kxd1 Nxh3 42. Kd2 Ng5 43. Re3 c4 44. b4 Nc6 45. Kc3 Kg7 46. f4 Nh7
47. b5 Na5 48. Kb4 Nb7 49. Ra3 Nd6 50. Rxa7 Nf6 51. Nc2 Nc8 52. Ra6 Nd5+ 53.
Kxc4 Kf6 54. Nb4 Nxf4 55. b6 Nxb6+ 56. Rxb6 Kf5 57. Nd3 Nd5 58. Rb7 f6 59. Rb5
Kg4 60. Nc5 Nf4 61. Nd7 Nd5 62. Kd4 g5 63. Rc5 Kh3 64. Rc6 f5 65. Rxe6 Nf4 66.
Rh6+ Kg2 67. Ke5 Ne2 68. Kxf5 Nd4+ 69. Kg4 Nf3 70. h3 Ng1 71. Ne5 Kf2 72. Rb6
Kg2 73. Rb2+ 73... Kf1 {Hossa resigns} 1-0

[Event "ICS Rated blitz match"]
[Site "207.99.83.229"]
[Date "1999.07.19"]
[Round "?"]
[White "Hossa"]
[Black "JudgeTurpin"]
[Result "0-1"]
[WhiteElo "2379"]
[BlackElo "2553"]
[PlyCount "105"]
[EventDate "1999.??.??"]

1. d4 Nf6 2. c4 e6 3. Nc3 d5 4. Bg5 c6 5. Nf3 h6 6. Bxf6 Qxf6 7. Qa4 Nd7 8. e4
dxe4 9. Nxe4 Qg6 10. Nfd2 Be7 11. O-O-O O-O 12. Re1 Nf6 13. f3 Nxe4 14. Rxe4
Bd7 15. Qa5 b6 16. Qe5 Rfe8 17. g3 Bf6 18. Qc7 Red8 19. Bd3 Qg5 20. Bb1 Qa5 21.
Qd6 Be8 22. Qa3 Qxa3 23. bxa3 Bxd4 24. Re2 b5 25. cxb5 cxb5 26. Bc2 Bc6 27. Rd1
g5 28. f4 gxf4 29. gxf4 Bd5 30. Nb3 Bg7 31. Red2 Rac8 32. Kb1 Kf8 33. Nc1 Ke7
34. Nd3 Bc3 35. Rf2 Bd4 36. Rfd2 Bf3 37. Rf1 Be3 38. Rxf3 Bxd2 39. Rf2 Bc3 40.
Rg2 Rg8 41. Rxg8 Rxg8 42. Bd1 Rg2 43. h3 Rd2 44. Bc2 Rh2 45. Nc1 Rxh3 46. Bd3
Bd2 47. Be4 Rxa3 48. Nb3 Bxf4 49. Bb7 Kd6 50. Nd4 Ra4 51. Ne2 Be5 52. Nc1 Rb4+
53. Nb3 {Hossa resigns} 0-1

[Event "ICS Rated blitz match"]
[Site "207.99.83.229"]
[Date "1999.07.19"]
[Round "?"]
[White "JudgeTurpin"]
[Black "Hossa"]
[Result "1/2-1/2"]
[WhiteElo "2562"]
[BlackElo "2370"]
[PlyCount "74"]
[EventDate "1999.??.??"]

1. Nf3 Nf6 2. c4 e6 3. g3 d5 4. Bg2 Bd6 5. O-O dxc4 6. d3 cxd3 7. Qxd3 e5 8.
Rd1 Nc6 9. Nh4 Nb4 10. Qc4 O-O 11. a3 Be6 12. Qc3 Na2 13. Qc2 Nxc1 14. Rxc1 Qc8
15. Rd1 Bh3 16. Bf3 Rd8 17. Nc3 c6 18. Ne4 Nxe4 19. Bxe4 g6 20. Rac1 Qd7 21.
Nf3 Qg4 22. b4 Rac8 23. Qb1 a5 24. bxa5 Bxa3 25. Rxd8+ Rxd8 26. Re1 Bd6 27. Rd1
f6 28. Bxc6 bxc6 29. Rxd6 Rxd6 30. Qb8+ Kg7 31. Qxd6 Qa4 32. Kh1 Qxa5 33. Qe7+
Kg8 34. Qe8+ Kg7 35. Qe7+ Kg8 36. Qe8+ Kg7 37. Qe7+ 37... Kg8 {
Game drawn by repetition} 1/2-1/2

[Event "ICS Rated blitz match"]
[Site "207.99.83.229"]
[Date "1999.07.19"]
[Round "?"]
[White "Hossa"]
[Black "JudgeTurpin"]
[Result "0-1"]
[WhiteElo "2378"]
[BlackElo "2554"]
[PlyCount "100"]
[EventDate "1999.??.??"]

1. d4 d5 2. c4 e5 3. dxe5 d4 4. Nf3 Nc6 5. Bf4 Be6 6. e4 dxe3 7. Qxd8+ Rxd8 8.
Bxe3 Bb4+ 9. Nbd2 Nge7 10. O-O-O Bg4 11. h3 Bxd2+ 12. Rxd2 Bxf3 13. Rxd8+ Kxd8
14. gxf3 Nxe5 15. Bxa7 N7g6 16. Bd4 Re8 17. Bxe5 Nxe5 18. Be2 Ke7 19. Rd1 Kf6
20. Kc2 c5 21. Kc3 g6 22. f4 Nc6 23. Bf3 Nd4 24. Bxb7 Ne2+ 25. Kc2 Nd4+ 26. Kb1
Re2 27. Rf1 Ne6 28. f5 Kxf5 29. Bf3 Rd2 30. Kc1 Rd4 31. Bg4+ Kf4 32. Bxe6 fxe6
33. b3 Rd3 34. Rh1 Rf3 35. Rh2 e5 36. h4 Ke4 37. Kc2 Kd4 38. Kb2 Rd3 39. Ka3 e4
40. h5 g5 41. Rg2 h6 42. Ka4 Rc3 43. Kb5 Rc2 44. a3 Rc3 45. Ka4 Rf3 46. Rg1
Rxf2 47. Rd1+ Ke5 48. Rd5+ Ke6 49. Rd8 Rf7 50. Rh8 50... e3 {Hossa resigns} 0-1

[Event "ICS Rated blitz match"]
[Site "207.99.83.229"]
[Date "1999.07.19"]
[Round "?"]
[White "JudgeTurpin"]
[Black "Hossa"]
[Result "1-0"]
[WhiteElo "2563"]
[BlackElo "2369"]
[PlyCount "65"]
[EventDate "1999.??.??"]

1. d4 d5 2. Nc3 Nf6 3. Bg5 Bf5 4. f3 Nbd7 5. Nxd5 Nxd5 6. e4 h6 7. Bh4 Ne3 8.
Qd3 Nxf1 9. exf5 c5 10. Kxf1 Qb6 11. Rb1 cxd4 12. Ne2 O-O-O 13. Nxd4 Nc5 14.
Qc4 g6 15. c3 Rd7 16. b4 g5 17. Bg3 e5 18. fxe6 fxe6 19. Ke2 Qa6 20. Nb5 Qa4
21. Rhd1 Rd5 22. Nd4 Be7 23. Nxe6 Rxd1 24. Rxd1 Re8 25. Ng7 Rf8 26. Rd4 Qc2+
27. Rd2 Qa4 28. Kf2 a6 29. Re2 Qd7 30. bxc5 Bf6 31. Bd6 Rd8 32. Nh5 Bh8 33. Re7
{Hossa resigns} 1-0

[Event "ICS Rated blitz match"]
[Site "207.99.83.229"]
[Date "1999.07.19"]
[Round "?"]
[White "Hossa"]
[Black "JudgeTurpin"]
[Result "1-0"]
[WhiteElo "2361"]
[BlackElo "2571"]
[PlyCount "185"]
[EventDate "1999.??.??"]

1. d4 d5 2. c4 e5 3. dxe5 d4 4. Nf3 Nc6 5. Bf4 Be6 6. Nbd2 Qd7 7. Qb3 O-O-O 8.
O-O-O Na5 9. Qc2 Nc6 10. e3 dxe3 11. Bxe3 Bf5 12. Qa4 a6 13. c5 Nxe5 14. Qxd7+
Nxd7 15. c6 Nc5 16. Ne5 Be6 17. Bc4 Nh6 18. Bxe6+ fxe6 19. cxb7+ Kxb7 20. Bxh6
gxh6 21. Nf7 Bg7 22. Kc2 Rd4 23. Nxh8 Bxh8 24. Nf3 Rc4+ 25. Kb1 Rg4 26. Ne1 Rb4
27. Rd2 Bf6 28. Ka1 Kc6 29. Rf1 Bg7 30. f4 h5 31. g3 h4 32. gxh4 h5 33. Ng2 Nd3
34. Rb1 Nxf4 35. Rc1+ Kb7 36. Nxf4 Rxf4 37. Rdc2 Be5 38. Rc5 Re4 39. a3 Re2 40.
R1c2 Re1+ 41. Ka2 Re3 42. b4 Kc8 43. Rc6 Kd7 44. Rxa6 Ke7 45. Ra5 Kf6 46. Rf2+
Ke7 47. Rc5 Kd6 48. Rd2+ Ke7 49. a4 Ke8 50. a5 Bc3 51. a6 Bxb4 52. Rxh5 Ra3+
53. Kb2 Rxa6 54. Rh8+ Ke7 55. Rh7+ Kf6 56. Rf2+ Ke5 57. Rxc7 Rd6 58. h5 Bd2 59.
Re2+ Kf6 60. Rh7 Rd5 61. h6 Bf4 62. Rf2 Rf5 63. Kc2 Bg5 64. Rxf5+ exf5 65. Rh8
Kg6 66. h7 Bf4 67. h4 Bh2 68. h5+ Kg7 69. Rf8 Kxh7 70. Rxf5 Kh6 71. Kd3 Bg3 72.
Ke4 Be1 73. Re5 Bb4 74. Re6+ Kxh5 75. Kf5 Bc5 76. Rc6 Bd4 77. Rd6 Bc5 78. Rd5
Bb4 79. Rb5 Bf8 80. Rb8 Bg7 81. Rb1 Kh4 82. Rh1+ Kg3 83. Rg1+ Kf3 84. Rxg7 Ke3
85. Rd7 Kf3 86. Re7 Kg3 87. Re3+ Kg2 88. Kg4 Kf2 89. Re4 Kg2 90. Rf4 Kh2 91.
Kf3 Kg1 92. Rh4 Kf1 93. Rh1# {JudgeTurpin checkmated} 1-0

[Event "ICS Rated blitz match"]
[Site "207.99.83.229"]
[Date "1999.07.19"]
[Round "?"]
[White "JudgeTurpin"]
[Black "Hossa"]
[Result "1-0"]
[WhiteElo "2546"]
[BlackElo "2386"]
[PlyCount "61"]
[EventDate "1999.??.??"]

1. c4 e5 2. Nc3 Nf6 3. Nf3 Nc6 4. g3 Bb4 5. Nd5 Ba5 6. Bg2 O-O 7. O-O e4 8. Nh4
Re8 9. d3 exd3 10. Qxd3 Nxd5 11. cxd5 Nb4 12. Qd1 c6 13. d6 b6 14. a3 Nd5 15.
Bxd5 cxd5 16. b4 Ba6 17. Re1 Qf6 18. Be3 Qxd6 19. bxa5 bxa5 20. Bd4 Qe6 21. e3
Bc4 22. Qd2 a4 23. Qb4 Bb3 24. Rac1 Qh3 25. Ng2 Rab8 26. Qa5 Qg4 27. Nf4 Qf3
28. Qxa7 Red8 29. Rc7 g5 30. Rxd7 Rf8 31. Rxf7 {Hossa resigns} 1-0

[Event "ICS Rated blitz match"]
[Site "207.99.83.229"]
[Date "1999.07.19"]
[Round "?"]
[White "Hossa"]
[Black "StrongBach"]
[Result "1-0"]
[WhiteElo "2377"]
[BlackElo "1884"]
[PlyCount "75"]
[EventDate "1999.??.??"]

1. d4 Nc6 2. d5 Nb4 3. e4 a5 4. c3 Na6 5. Bg5 Nc5 6. Qd4 d6 7. Ne2 Bg4 8. Nd2
a4 9. f3 Bd7 10. O-O-O h6 11. Be3 Ra6 12. Nf4 Rb6 13. Nc4 Rb5 14. Nh5 e5 15.
Nxe5 dxe5 16. Qxe5+ Qe7 17. Nxg7+ Kd8 18. Ne6+ fxe6 19. Qxh8 Ra5 20. Qxg8 Qe8
21. dxe6 Nxe6 22. Bc4 Re5 23. Qh8 Ng5 24. Bd4 Ra5 25. h4 a3 26. b4 Ra4 27. hxg5
hxg5 28. Bf6+ Kc8 29. Rxd7 Kxd7 30. Bb5+ c6 31. Rd1+ Kc7 32. Bxa4 Qf7 33. Bd8+
Kb8 34. Bb6 Qe7 35. Qd4 Qd6 36. Qxd6+ Bxd6 37. Rxd6 Kc8 38. Rd8# {
StrongBach checkmated} 1-0

[Event "ICS Rated bullet match"]
[Site "207.99.83.229"]
[Date "1999.07.19"]
[Round "?"]
[White "Hossa"]
[Black "JSBach"]
[Result "1-0"]
[WhiteElo "2334"]
[BlackElo "2190"]
[PlyCount "105"]
[EventDate "1999.??.??"]

1. d4 d5 2. c4 dxc4 3. e4 Nf6 4. e5 Nd5 5. Bxc4 e6 6. Nf3 Bd7 7. Bg5 Bb4+ 8.
Nbd2 f6 9. exf6 gxf6 10. Qe2 Nb6 11. Bh6 Nxc4 12. Qxc4 Na6 13. O-O Qe7 14. a3
Bd6 15. Ne4 Rg8 16. Nxd6+ Qxd6 17. Nd2 Bc6 18. f3 O-O-O 19. Rae1 Bd5 20. Qc3
Rg6 21. Be3 Rdg8 22. Re2 h6 23. Ne4 Qb6 24. Rc1 R8g7 25. b4 Nb8 26. Qc5 Qxc5
27. Rxc5 Nc6 28. b5 Nb8 29. Rec2 Bb3 30. Rb2 Bd5 31. Nd6+ Kd8 32. Nf5 Rh7 33.
Rbc2 Bxf3 34. Nh4 Be4 35. Nxg6 Bxg6 36. R2c3 c6 37. bxc6 Nxc6 38. d5 exd5 39.
Rxd5+ Ke7 40. Bf4 Be4 41. Re3 f5 42. Rxf5 Ke6 43. Rc5 Kf6 44. Rxe4 h5 45. g4
hxg4 46. Bg5+ Kg6 47. Rxg4 Rh3 48. Kg2 Rd3 49. a4 Kh5 50. Be3+ Rd5 51. Rxd5+
Ne5 52. h3 a6 53. Rxe5# {JSBach checkmated} 1-0

[Event "ICS Rated blitz match"]
[Site "207.99.83.229"]
[Date "1999.07.19"]
[Round "?"]
[White "Hossa"]
[Black "Masterchess"]
[Result "0-1"]
[WhiteElo "2379"]
[BlackElo "2715"]
[PlyCount "75"]
[EventDate "1999.??.??"]

1. d4 d5 2. c4 c6 3. Nc3 e6 4. cxd5 exd5 5. Nf3 Bf5 6. Bg5 Nf6 7. Qb3 b6 8. Ne5
h6 9. Bxf6 gxf6 10. Nd3 Bd6 11. O-O-O O-O 12. Ne1 a5 13. e3 Na6 14. Bd3 Bg4 15.
f3 Be6 16. Bxa6 Rxa6 17. Nd3 Re8 18. Nf2 f5 19. g3 Bd7 20. Rde1 Qa8 21. Nd3 a4
22. Qc2 a3 23. b4 Ra7 24. e4 dxe4 25. fxe4 Be7 26. e5 Be6 27. Ne2 Rd7 28. Kb1
Bd5 29. Rhf1 Be4 30. b5 c5 31. Ka1 cxd4 32. Qd1 Qd5 33. Nef4 Qxb5 34. Qb1 Qa4
35. Qxb6 Rb7 36. Qxb7 Bxb7 37. e6 Qc2 38. exf7+ {Hossa resigns} 0-1

[Event "ICS Rated blitz match"]
[Site "207.99.83.229"]
[Date "1999.07.19"]
[Round "?"]
[White "JudgeTurpin"]
[Black "Hossa"]
[Result "1-0"]
[WhiteElo "2555"]
[BlackElo "2375"]
[PlyCount "63"]
[EventDate "1999.??.??"]

1. c4 e5 2. g3 Bb4 3. a3 Be7 4. d4 exd4 5. Qxd4 Nf6 6. Bg2 Nc6 7. Qd1 O-O 8.
Nf3 b5 9. cxb5 Na5 10. b4 Nb7 11. Nc3 a6 12. bxa6 Rxa6 13. Bb2 Nd6 14. Qd3 Ra8
15. O-O Bb7 16. Rfd1 Re8 17. a4 Nde4 18. Nxe4 Bxe4 19. Qb3 d5 20. Rac1 Bd6 21.
b5 Ng4 22. h3 Nf6 23. Qa2 Nd7 24. a5 Qb8 25. Nd4 Bxg2 26. Kxg2 Qb7 27. a6 Re5
28. e3 Rg5 29. Ba3 Qb6 30. Bxd6 Qxd6 31. Rc6 Qe5 32. Nf3 {Hossa resigns} 1-0

[Event "ICS Rated blitz match"]
[Site "207.99.83.229"]
[Date "1999.07.19"]
[Round "?"]
[White "TDChess"]
[Black "Hossa"]
[Result "1-0"]
[WhiteElo "2533"]
[BlackElo "2367"]
[PlyCount "85"]
[EventDate "1999.??.??"]

1. e4 Nf6 2. e5 Nd5 3. c4 Nb6 4. c5 Nd5 5. Nf3 d6 6. d4 dxc5 7. dxc5 e6 8. Qc2
Be7 9. Be2 Nc6 10. O-O Ncb4 11. Qb3 Bxc5 12. Bg5 Be7 13. Bxe7 Qxe7 14. a3 Nc6
15. Nc3 Nxc3 16. Qxc3 Bd7 17. b4 O-O-O 18. b5 Nb8 19. a4 Be8 20. Qa5 Qc5 21.
Rac1 Qb6 22. Qc3 a5 23. Nd2 Nd7 24. Nc4 Qc5 25. Nd6+ Kb8 26. Qxc5 Nxc5 27. Nxe8
Rd5 28. Nxg7 Rg8 29. Nh5 Rxe5 30. Rfd1 Kc8 31. Rc4 Reg5 32. Ng3 Nb3 33. Rc3 Nc5
34. f4 Ne4 35. Nxe4 Rxg2+ 36. Kf1 Rxh2 37. Bf3 h5 38. Nd6+ Kb8 39. Nxb7 Rh4 40.
Nc5 Ka7 41. b6+ cxb6 42. Rd7+ Kb8 43. Na6# {Hossa checkmated} 1-0

[Event "ICS Rated blitz match"]
[Site "207.99.83.229"]
[Date "1999.07.19"]
[Round "?"]
[White "Hossa"]
[Black "JudgeTurpin"]
[Result "0-1"]
[WhiteElo "2388"]
[BlackElo "2563"]
[PlyCount "36"]
[EventDate "1999.??.??"]

1. d4 d5 2. c4 Nc6 3. Nf3 Bg4 4. e3 e6 5. Bd3 Nb4 6. Be2 dxc4 7. O-O c6 8. Bxc4
Bxf3 9. gxf3 Qh4 10. a3 Nd5 11. e4 Bd6 12. e5 Bxe5 13. dxe5 Qxc4 14. Be3 Nxe3
15. fxe3 Qb5 16. Qd4 Rd8 17. a4 Qe2 18. Qc3 18... Ne7 {Hossa resigns} 0-1

[Event "ICS rated blitz match"]
[Site "207.99.83.229"]
[Date "1999.07.19"]
[Round "?"]
[White "JudgeTurpin"]
[Black "Hossa"]
[Result "1-0"]
[WhiteElo "2572"]
[BlackElo "2379"]
[PlyCount "45"]
[EventDate "1999.??.??"]

1. Nf3 Nf6 2. g3 d5 3. Bg2 e6 4. O-O Bd6 5. d3 O-O 6. Nbd2 e5 7. c4 Nc6 8. cxd5
Nxd5 9. Ne4 Re8 10. Bg5 f6 11. Qb3 Ncb4 12. Bd2 Be6 13. Nxd6 Qxd6 14. e4 c5 15.
exd5 Bxd5 16. Qc3 Nxa2 17. Qa5 b6 18. Qa6 Nb4 19. Bxb4 cxb4 20. Rfd1 Rec8 21.
d4 Qc6 22. Qe2 Qb7 23. dxe5 {Hossa resigns} 1-0